| 000 | 00606nam a2200241Ia 4500 | ||
|---|---|---|---|
| 003 | OSt | ||
| 005 | 20220924145531.0 | ||
| 006 | a|||||r|||| 00| 0 | ||
| 007 | ta | ||
| 008 | 220923b |||||||| |||| 00| 0 tel d | ||
| 020 | _c8.00 | ||
| 024 | _a329180 | ||
| 037 | _cTextual | ||
| 040 |
_aARTS _cARTS _btel |
||
| 041 |
_2tel _atel |
||
| 082 | _aNR21xKOOx, 35K3 | ||
| 100 |
_aRao Sri Vissa Appa _9219983 |
||
| 245 | 0 | _aKshetrayya padamulu | |
| 260 | _c1950 | ||
| 650 |
_aMUSIC _917402 |
||
| 942 |
_hNR21xKOOx, 35K3 _cTEXL _2CC |
||
| 999 |
_c460395 _d460395 |
||